載入...

Von nun an

書目詳細資料
主要作者: Muller- Schwefe
格式: Printed Book
出版: Frankfurt Suhrkamp 1980
LEADER 00367nam a22001217a 4500
999 |c 294060  |d 294060 
082 |a 833.01  |b MUL 
100 |a Muller- Schwefe 
245 |a Von nun an 
246 |a From now on 
260 |a Frankfurt  |b Suhrkamp  |c 1980 
942 |c BK 
952 |0 0  |1 0  |4 0  |6 833_010000000000000_MUL  |7 0  |9 313124  |a GER  |b GER  |d 2020-07-01  |l 0  |o 833.01 MUL  |p GER8243  |r 2020-07-01  |w 2020-07-01  |y BK